Aportaciones de las personas mayores a la sociedad: análisis sociológico /
Bewaard in:
| Hoofdauteur: | |
|---|---|
| Formaat: | Boek |
| Taal: | Spanish |
| Tags: |
Voeg label toe
Geen labels, Wees de eerste die dit record labelt!
|
MARC
| LEADER | 00000nam a22000007a 4500 | ||
|---|---|---|---|
| 003 | cru CIDCACS/IIS | ||
| 005 | 20180215135546.0 | ||
| 007 | ta | ||
| 008 | 180215s1996 sp |||p|r||||||0| ||spa|d | ||
| 999 | |c 41011 |d 41011 | ||
| 040 | |c cru CIDCACS/IIS | ||
| 100 | 1 | |9 6652 |a Bazo Royo, María Teresa | |
| 245 | 1 | |a Aportaciones de las personas mayores a la sociedad: |b análisis sociológico / |c María Teresa Bazo Royo | |
| 300 | |a páginas 209-222 | ||
| 773 | 0 | |0 40983 |9 1799 |a Centro de Investigaciones Sociológicas (España) |d Madrid, España: CIS, |o 18467 |t REIS: |x 02105233 | |
| 942 | |2 ddc |c PP | ||
